000 01009nam a2200229Ia 4500
001 L630-26807
003 IT-CnALBA
008 170116s9999||||xx |||||||||||||| ||und||
040 _aIT-CnALBA
_cIT-CnALBA
041 _aITALIANO
100 _aTREVISANI G.
245 0 _aPOLLICOLTURA.
250 _a12a ed.
260 _aMILANO
_bHOEPLI ULRICO EDITORE
_c1924 [1° Ed.: n.d.]
300 _a327 p. (prefazione: 20)
500 _aALLEVAMENTO INDUSTRIALE DELL'ANNATA. POLLAIO PARCO POPOLAZIONE E RAZZE. ALIMENTAZIONE. INCUBAZIONE. IGIENE E VITTO. PRODOTTI DEL POLLAIO. MALATTIE. PREFAZIONE DELL'AUTORE.
501 _aSocietà San Paolo EM - Piazza San Paolo, 14 - 12051 ALBA (CN) (non commercial uses only) ® Copyright 2017
520 _aALLEVAMENTO INDUSTRIALE DELL'ANNATA. POLLAIO PARCO POPOLAZIONE E RAZZE. ALIMENTAZIONE. INCUBAZIONE. IGIENE E VITTO. PRODOTTI DEL POLLAIO. MALATTIE. PREFAZIONE DELL'AUTORE.
650 _aAGRICOLTURA E TECNOLOGIE RELATIVE
942 _cBK
957 _71
999 _a31595
_bSI
_g Copie: 1
_c285916
_d285916